000 00323nam a22001337a 4500
008 171004b xxu||||| |||| 00| 0 eng d
020 _a052057392
041 _aeng
080 _a159.9
100 _a48
101 _aPSI
245 _aSPACE PERCEPTION AND THE PHHILOSOPHY OF SCIENCE
_cHEELAN.P.A
942 _2udc
_cBK
999 _c31598
_d31598